Những hoạt động hành chính thuộc thẩm quyền tài phán của tòa án : và sự phân tích, đánh giá những hoạt động của tòa án hành chính /
Gorde:
| Egile nagusia: | |
|---|---|
| Formatua: | Artikulua |
| Hizkuntza: | Vietnamese |
| Gaiak: | |
| Etiketak: |
Etiketa erantsi
Etiketarik gabe, Izan zaitez lehena erregistro honi etiketa jartzen!
|
| Thư viện lưu trữ: | Thư viện Trường Đại học Đà Lạt |
|---|
| LEADER | 00878nam a2200277 4500 | ||
|---|---|---|---|
| 001 | DLU090076579 | ||
| 005 | ##20090619 | ||
| 040 | # | # | |a DLU |b vie |
| 041 | # | # | |a vie |
| 044 | # | # | |a vn |
| 100 | # | # | |a Đinh Văn Mậu, |c PTS. |
| 245 | # | # | |a Những hoạt động hành chính thuộc thẩm quyền tài phán của tòa án : |b và sự phân tích, đánh giá những hoạt động của tòa án hành chính / |c Đinh Văn Mậu. |
| 653 | # | # | |a Hành chính |
| 653 | # | # | |a Hoạt động |
| 653 | # | # | |a Lí luận |
| 653 | # | # | |a Thực tiễn |
| 773 | # | # | |t Luật học |g Số 2, 1997, tr. 8-13 |
| 920 | # | # | |a Phòng Tạp chí -- Trung tâm Thông tin - Thư viện Trường Đại học Đà Lạt |
| 994 | # | # | |a DLU |
| 900 | # | # | |a True |
| 911 | # | # | |a Nguyễn Thị Mai Anh |
| 925 | # | # | |a G |
| 926 | # | # | |a A |
| 927 | # | # | |a BB |
| 980 | # | # | |a Thư viện Trường Đại học Đà Lạt |